| 000 | 01508nam a2200301 i 4500 | ||
|---|---|---|---|
| 001 | 174907 | ||
| 003 | ES-MaACL | ||
| 005 | 20250511131042.0 | ||
| 008 | 100628s1990 fr ao |||| |dspa d | ||
| 080 | _a782.1(083.97) | ||
| 245 | 0 | 2 |
_aL'Opéra baroque a travers L'Europe du XVIIIe siècle / _cClemencic Consort. |
| 260 |
_aParis : _bTheatre des Champs Elysees, _c[1990] |
||
| 300 |
_a[64] p. : _bil., fot. ; _c23 cm + _e1 libreto _g[16] p. |
||
| 490 | 1 |
_aTheatre des Champs Elysees. _aLe libre opéra ; _v89/90, janv.-avril, 1990 |
|
| 500 | _aPrograma de las representaciones. | ||
| 505 | 8 |
_aContiene: Argumentos de las óperas: ; _tTestoride argonauta / _rGaetano Martinelli. -- _tDafne in Lauro / _rPietro Pariati. -- _tL'Olimpiade / _rPietro Metastasio. -- _tCroesus / _rChristian Heinrich Postel. |
|
| 505 | 8 |
_aContiene: Argumento y libreto de: ; _tLa Púrpura de la rosa / _rlivret de Pedro Calderón de la Barca ; musique de Tomás de Torrejón y Velasco( _glibreto, [16] p.) |
|
| 650 | 4 |
_aÓperas- _xProgramas. _9170038 |
|
| 650 | 4 |
_aÓperas- _vLibretos. _9137584 |
|
| 650 | 1 | 4 |
_a _9239578 |
| 700 | 1 |
_aMetastasio, Pietro, _d1698-1782 _980719 |
|
| 700 | 1 |
_aCalderón de la Barca, Pedro, _d1600-1681 _9239594 _elbt |
|
| 710 | 2 |
_aClemencic Consort. _9143171 |
|
| 830 | 0 |
_aTheatre des Champs Elysees. _aLe libre opéra ; _v89/90, janv.-avril, 1990 _9223808 |
|
| 852 | 4 |
_aES-MaACL _j2279-F-5 _z. - Biblioteca Jacinto Martínez Lacalle |
|
| 942 | _2udc | ||
| 999 |
_c174907 _d174907 |
||